Normal view
MARC view
- عبد الفتاح ، محمود سمير
Entry Personal Name
001 - CONTROL NUMBER
- control field: 7153
003 - CONTROL NUMBER IDENTIFIER
- control field: JO-AjAnu
005 - DATE AND TIME OF LATEST TRANSACTION
- control field: 20230606071446.0
008 - FIXED-LENGTH DATA ELEMENTS
- fixed length control field: 230606|| aca||aabn | a|a d
040 ## - CATALOGING SOURCE
- Original cataloging agency: JO-AjAnu
- Transcribing agency: JO-AjAnu
100 ## - HEADING--PERSONAL NAME
- Personal name: عبد الفتاح ، محمود سمير
670 ## - SOURCE DATA FOUND
- Source citation: Work cat.: (JO-AjAnu)3702: عبد الفتاح ، محمود سمير , author, النيابة العامة وسلطاتها في إنهاء الدعوى الجنائية بدون محاكمة